Catalog

Record Details

Catalog Search



Setkat se s Bohem, ale jak?  Cover Image Book Book

Setkat se s Bohem, ale jak? / Friedhold Vogel ; Z něm. přel. Jiří Štifter

Vogel, Friedhold, 1937- (Author). Štifter, Jiří (Translator).

Record details

  • ISBN: 80-901001-0-4
  • Physical Description: 73 s.
  • Edition: 1. vyd.
  • Publisher: Náchod : Kompas, 1992
Genre: úvahy

Available copies

  • 1 of 1 copy available at Common Catalog SPOK.

Holds

  • 0 current holds with 1 total copy.
Show Only Available Copies
Location Call Number / Copy Notes Barcode Shelving Location Status Due Date
ETS Library 248 424470015800 Volný výběr Available -

LDR 01037nam a22003257a 4500
00142252
003CZ-PrJAB
00520180105115921.0
007ta
008940120s1992 xr e u0|0 0 cze
015 . ‡acnb000071874
020 . ‡a80-901001-0-4
035 . ‡a(CONS)13090
035 . ‡a(CZ PrSKC)001003051
035 . ‡a(OCoLC)39574637
040 . ‡aABA001 ‡bcze ‡dABD064
082 . ‡a240
1001 . ‡aVogel, Friedhold, ‡d1937- ‡7jx20051024006 ‡4aut
24510. ‡aSetkat se s Bohem, ale jak? / ‡cFriedhold Vogel ; Z něm. přel. Jiří Štifter
250 . ‡a1. vyd.
260 . ‡aNáchod : ‡bKompas, ‡c1992 ‡e(Nové Město nad Metují : ‡fRodomax)
300 . ‡a73 s.
6530 . ‡aboží existence ‡aduchovní život ‡akřesťanství ‡aosobní proměna ‡aživotní smysl
655 7. ‡aúvahy ‡7fd134000 ‡2czenas
7001 . ‡aŠtifter, Jiří ‡4trl
7650 . ‡tGott begegnen, aber wie? ‡9Česky
8524 . ‡bETS ‡bETS ‡cVolný výběr ‡j248 ‡p424470015800 ‡y$50.00
910 . ‡aABG450
999 . ‡a13090 ‡c13090 ‡tbiblio
905 . ‡uadmin
901 . ‡a42252 ‡b ‡c42252 ‡tbiblio ‡sets

Additional Resources